<?xml version="1.0" encoding="UTF-8"?>
<collection xmlns="http://www.loc.gov/MARC21/slim">
 <record>
  <leader>01492nam a2200205Ia 4500</leader>
  <controlfield tag="001">TDMU_37785</controlfield>
  <controlfield tag="008">210410s9999    xx            000 0 und d</controlfield>
  <datafield tag="082" ind1=" " ind2=" ">
   <subfield code="a">005.4</subfield>
  </datafield>
  <datafield tag="090" ind1=" " ind2=" ">
   <subfield code="b">Đ116</subfield>
  </datafield>
  <datafield tag="100" ind1=" " ind2=" ">
   <subfield code="a">Đặng, Như Phú</subfield>
  </datafield>
  <datafield tag="245" ind1=" " ind2="0">
   <subfield code="a">Nội suy thời gian đến tại một trạm xe buýt trên bản đồ không gian - thời gian</subfield>
  </datafield>
  <datafield tag="245" ind1=" " ind2="0">
   <subfield code="c">Đặng Như Phú; PGS.TS.Trần Vĩnh Phước</subfield>
  </datafield>
  <datafield tag="260" ind1=" " ind2=" ">
   <subfield code="a">Bình Dương</subfield>
  </datafield>
  <datafield tag="260" ind1=" " ind2=" ">
   <subfield code="c">2019</subfield>
  </datafield>
  <datafield tag="300" ind1=" " ind2=" ">
   <subfield code="a">58tr</subfield>
  </datafield>
  <datafield tag="520" ind1=" " ind2=" ">
   <subfield code="a">Chuyên ngành: Hệ thống thông tini; Mã số: 8480104; Ý kiến về việc sao chép tài liệu: Đồng ý 100%; Ý kiến về việc sao chép file: Đồng ý; Thư mục tài liệu tham khảo tr.57-58; Luận văn thạc sĩ. Trường Đại học Thủ Dầu Một; Luận văn gồm có 5 chương: Chương 1. Giới thiệu. Chương 2. Tổng quan về nghiên cứu được liên quan. Chương 3. Nội suy thời gian đến tại một trạm của xe buýt. Chương 4. Kết quả nghiên cứu và đánh giá kết quả. Chương 5. Kết luận</subfield>
  </datafield>
  <datafield tag="650" ind1=" " ind2=" ">
   <subfield code="a">Nội suy thời gian</subfield>
   <subfield code="x">Trạm dừng xe buýt</subfield>
   <subfield code="x">bản đồ không gian - thời gian</subfield>
  </datafield>
  <datafield tag="700" ind1=" " ind2=" ">
   <subfield code="a">Trần, Vĩnh Phước</subfield>
  </datafield>
  <datafield tag="856" ind1=" " ind2=" ">
   <subfield code="u">http://lrc.tdmu.edu.vn/opac/search/detail.asp?aID=2&amp;ID=37785</subfield>
  </datafield>
  <datafield tag="980" ind1=" " ind2=" ">
   <subfield code="a">Trung tâm Học liệu Trường Đại học Thủ Dầu Một</subfield>
  </datafield>
 </record>
</collection>
